000 00625nam a2200181Ia 4500
008 100921s9999 xx 000 0 und d
082 _b38171
_a750 न 02
100 _aमुळीक मिलिंद.
245 _aवॉटर कलर.
260 _bज्योत्स्ना प्रकाशन,पुणे.
_c2002
300 _a128
_bअक्षरधारा प्रदर्शन.
365 _b250
520 _aकला-चित्रकला.
630 _aवॉटर कलर.
650 _aकला-चित्रकला.
730 _aवॉटर कलर.
942 _cBOOK
999 _c787284
_d787281